IMDb's 100 Greatest Wrestlers Of All Time - Statistics

General Stats
  • This quiz has been taken 108 times
  • The average score is 46 of 100
Answer Stats
Hint Answer % Correct
5 Hulk Hogan
96%
6 The Rock
95%
3 John Cena
94%
4 Bret Hart
90%
10 Ric Flair
90%
1 Shawn Michaels
90%
29 Steve Austin
90%
8 Triple H
90%
12 Rey Mysterio
86%
67 Andre The Giant
83%
25 Kane
82%
44 Owen Hart
82%
9 Randy Orton
82%
18 Roman Reigns
81%
22 Cody Rhodes
79%
7 Big Show
78%
19 Seth Rollins
78%
54 Randy Savage
75%
16 Edge
74%
65 Eddie Guerrero
73%
11 Chris Jericho
71%
36 Batista
70%
15 CM Punk
70%
33 Christian
68%
26 Kurt Angle
68%
14 Brock Lesnar
66%
27 Chris Benoit
66%
23 Jeff Hardy
66%
35 The Miz
65%
2 Undertaker
65%
51 AJ Styles
64%
28 Sting
64%
61 Booker T
60%
13 Goldberg
60%
91 Kofi Kingston
58%
21 Bruno Sammartino
57%
81 Ultimate Warrior
57%
31 Yokozuna
57%
32 Mark Henry
56%
100 Bray Wyatt
55%
17 Sheamus
55%
20 Mick Foley
53%
24 Rob Van Dam
53%
45 Roddy Piper
53%
75 Bobby Lashley
52%
30 JBL
52%
90 Alberto Del Rio
47%
80 Kevin Nash
45%
47 Matt Hardy
43%
95 Lex Luger
42%
69 Mr. Perfect
42%
72 X-Pac
42%
56 Scott Hall
40%
58 Umaga
40%
60 Kenny Omega
36%
84 Vader
36%
59 Jimmy Snuka
35%
74 Rikishi
34%
88 Bubba Ray Dudley
32%
46 Kevin Owens
32%
66 R-Truth
32%
55 Sid
32%
78 The Great Khali
31%
34 Dolph Ziggler
30%
97 Jim Duggan
30%
76 MVP
30%
77 Dusty Rhodes
29%
94 Shane McMahon
29%
68 Jake "The Snake" Roberts
27%
57 Ricky Steamboat
27%
37 Finn Balor
26%
42 Jon Moxley
26%
63 Sabu
25%
62 The Sandman
25%
43 Bryan Danielson
23%
73 Samoa Joe
21%
64 Tommy Dreamer
21%
89 John Morrison
19%
99 Raven
19%
86 Harley Race
18%
52 Ryback
18%
41 Shelton Benjamin
18%
70 MJF
17%
96 Junk Yard Dog
16%
83 "Superstar" Billy Graham
16%
92 Ken Shamrock
14%
82 Terry Funk
14%
85 Antonio Inoki
13%
48 Fit Finlay
13%
98 Kerry Von Erich
13%
50 Abyss
12%
53 Wade Barrett
12%
49 William Regal
12%
40 Chris Masters
10%
39 Mr. Kennedy
10%
87 Jushin Liger
9%
38 Boogeyman
8%
71 Malakai Black
5%
79 Sammy Guevara
5%
93 Santino Marella
5%
No matching quizzes found
Score Distribution
Percent of People with Each Score
Percentile by Number Answered
Your Score History
You have not taken this quiz